01459nam a2200325 a 4500001001000000003000500010005001700015008004100032010001100073011001100084040000900095090001000104100003900114245019700153260004100350500006000391502007700451590004000528590004000568650005300608650004400661650005000705856007000755901000700825942001000832942000600842999001900848952013100867952013500998000113683CHAP20220329144407.0170907s2017 mx a fsm |||||||spa d a110144 a111116 cCHAP aTesis1 aReyes Ortiz, Pedro Alfonso913325110aProducción de naranja (Citrus sinensis L. Osbeck) variedad valencia tardía bajo manejo orgánico en San Pablo, Papantla de Olarte; Veracruz /h[En línea]cpor Pedro Alfonso Reyes Ortiz. aChapingo, Méx. :bEl autor,c2017. aPara ver el contenido del material haga clic en la liga aTesis (Ing. Agr. Esp. en Fitotecnia) -- UACH. Departamento de Fitotecnia aE8697GMMb05c20170907lUCH01h0924 aE8697GMMb05c20170907lUCH01h094114aNaranjaxAspectos económicoszVeracruz.98014014aNaranjaxCostos de producción.98014714aNaranjaxInnovaciones tecnológicas.9133151 aFinding aiduhttp://10.13.5.2/tesis/sist113683.pdfzTeclea aquí aBK cTESIS n0 c110144d110144 00104054718TESISaBCbBCd2017-09-07fTESISl0oTesisp113685-10r2019-12-31 00:00:00w2019-12-31yTESISzRecien adquirido 00102local4053708TESISaBCbBCcPA_TESISd2017-09-07fTESISl0oTesisp113685-20r2019-12-31 00:00:00tc.2w2019-12-31yTESIS